| 000 | 01070nam a2200265Ia 4500 | ||
|---|---|---|---|
| 003 | OSt | ||
| 005 | 20221005103352.0 | ||
| 006 | a|||||r|||| 00| 0 | ||
| 007 | ta | ||
| 008 | 221004b |||||||| |||| 00| 0 hin d | ||
| 024 | _a24003 | ||
| 037 | _cTextual | ||
| 040 |
_aCRL _cCRL _bhin |
||
| 041 |
_2hin _ahin |
||
| 082 | _aY:1.2, 152N7 | ||
| 100 | _aभटनागर, प्रेम | ||
| 245 | 0 | _aभारतीय स्वतंत्रता की स्वर्ण जयंती उच्च शिक्षा, भाषा और संस्कृति | |
| 246 | _aBhāratīya svatantratā kī svarṇa jayantī uchcha shikṣhā, bhāṣhā aur sanskṛuti | ||
| 260 |
_aजयपुर _bअर्चना प्रकाशन भारत _c1997 |
||
| 300 |
_a144पृ0 _ccm. |
||
| 650 | _a भारतीय-लोक साहित्य | ||
| 650 | _aभारतीय-समाजशास्त्र | ||
| 942 |
_hY:1.2, 152N7 _cTEXL _2cc |
||
| 999 |
_c1009959 _d1009959 |
||